RuPaul's Drag Race Hosts and Judges - Statistics

General Stats
  • This quiz has been taken 707 times
    61 since last reset
  • The average score is 26 of 72
Answer Stats
Answer % Correct
US HOST RuPaul
100%
US JUDGE Michelle Visage
98%
US JUDGE Carson Kressley
85%
CAN HOST/JUDGE Brooke Lynn Hytes
83%
US JUDGE Ross Mathews
80%
US JUDGE Santino Rice
78%
FRA HOST Nicky Doll
74%
UK JUDGE Alan Carr
72%
THA CO-HOST Pangina Heals
72%
US JUDGE Ts Madison
72%
MEX HOST Valentina
72%
UK JUDGE Graham Norton
70%
PHI JUDGE Jiggly Caliente
61%
BEL HOST Rita Baga
61%
MEX HOST Lolita Banana
57%
US JUDGE Law Roach
54%
US JUDGE Merle Ginsberg
52%
PHI HOST Paolo Ballesteros
52%
DU JUDGE Isis Avis Loren
46%
GLOBAL JUDGE Jamal Sims
46%
DU JUDGE Rhys Nicholson
46%
CAN HOST/JUDGE Brad Goreski
43%
BR HOST Grag Queen
43%
AS JUDGE Todrick Hall
43%
DU JUDGE Kita Mean
41%
DU JUDGE Spankie Jackzon
41%
ESP HOST Supremme de Luxe
41%
CAN HOST/JUDGE Traci Melchor
41%
THA HOST Art Arya
39%
ESP JUDGE Javier Ambrossi
37%
ESP JUDGE Ana Locking
35%
GER HOST Barbie Breakout
35%
CAN HOST/JUDGE Jeffrey Bowyer-Chapman
35%
HOL HOST Fred van Leer
33%
FRA JUDGE Daphné Bürki
30%
ESP JUDGE Javier Calvo
30%
FRA JUDGE Kiddy Smile
30%
US JUDGE Billy B
28%
ITA HOST/JUDGE Priscilla
28%
CAN HOST/JUDGE Stacey McKenzie
28%
CAN HOST/JUDGE Amanda Brugel
26%
MEX HOST Taiga Brava
26%
CAN JUDGE Sarain Fox
24%
SVE HOST Robert Fux
22%
GER JUDGE Dianne Brill
20%
CAN JUDGE Hollywood Jade
20%
FRA JUDGE Loïc Prigent
20%
FRA JUDGE Shy'm
20%
PHI JUDGE Kalad Karen
17%
BEL JUDGE Mustii
17%
BRA JUDGE Bruna Braga
15%
BRA JUDGE Dudu Bertholini
15%
GER HOST Gianni Jovanovic
15%
BEL JUDGE Lio
15%
HOL JUDGE Nikkie Plessen
15%
HOL JUDGE Carlo Boszhard
13%
ITA HOST/JUDGE Chiara Francini
13%
PHI JUDGE Jon Santos
13%
HOL JUDGE Marieke Samallo
13%
HOL JUDGE Raven van Dorst
13%
PHI JUDGE BJ Pascual
11%
SVE JUDGE Farao Groth
11%
BEL JUDGE Lufy
11%
MEX JUDGE Óscar Madrazo
11%
THA JUDGE Sha
11%
SVE JUDGE Kayo Shekoni
9%
ITA JUDGE Paola Iezzi
9%
ITA JUDGE Paolo Camilli
9%
PHI JUDGE Rajo Laurel
9%
ITA HOST/JUDGE Tommaso Zorzi
9%
THA JUDGE Lukkade Metinee
7%
THA JUDGE Pompam Niti
7%
No matching quizzes found
Score Distribution
Percent of People with Each Score
Percentile by Number Answered
Your Score History
You have not taken this quiz since the last reset